Tournoi VI Nations 2024 : équipe de France - Statistiques

Statistiques générales
  • Ce quiz a été pris 68 fois
  • Le résultat moyen est 25 sur 42
Statistiques - réponses
Poste Sélections Réponse % Correct
Arrière 31 Thomas Ramos
97%
Ailier 48 Damian Penaud
95%
Centre 85 Gaël Fickou
95%
Talonneur 32 Julien Marchand
95%
Demi de mêlée 18 Maxime Lucu
95%
Pilier 57 Uini Atonio
95%
Troisième ligne aile 39 Charles Ollivon
92%
Demi d'ouverture 30 Matthieu Jalibert
92%
Troisième ligne aile 27 François Cros
89%
Talonneur 29 Peato Mauvaka
89%
Pilier 47 Cyril Baille
88%
Troisième ligne centre 45 Grégory Alldritt
88%
Centre 26 Jonathan Danty
81%
Centre 23 Yoram Moefana
81%
Ailier 7 Louis Bielle-Biarrey
80%
Deuxième ligne 49 Romain Taofifénua
75%
Pilier 3 Sébastien Taofifénua
75%
Deuxième ligne 27 Cameron Woki
70%
Deuxième ligne 31 Paul Willemse
70%
Demi de mêlée 0 Nolann Le Garrec
66%
Arrière 19 Melvyn Jaminet
64%
Pilier 16 Dorian Aldegheri
59%
Troisième ligne aile 29 Anthony Jelonch
58%
Arrière - Léo Barré
50%
Troisième ligne aile 6 Paul Boudehent
50%
Centre 1 Emilien Gailleton
47%
Deuxième ligne 0 Emmanuel Meafou
45%
Deuxième ligne 0 Posolo Tuilagi
45%
Pilier 14 Reda Wardi
44%
Centre 0 Nicolas Depoortère
41%
Deuxième ligne 16 Paul Gabrillagues
41%
Ailier 5 Matthis Lebel
39%
Troisième ligne aile 1 Alexandre Roumat
38%
Talonneur 7 Gaëtan Barlot
31%
Troisième ligne aile 0 Esteban Abadie
28%
Pilier 1 Thomas Laclayat
27%
Demi d'ouverture 0 Antoine Gibert
23%
Deuxième ligne 0 Matthias Halagahu
17%
Talonneur 0 Maxime Lamothe
14%
Pilier 18 Dany Priso
13%
Troisième ligne aile - Lenni Nouchi
6%
Troisième ligne centre - Marko Gazzotti
5%
Aucun quiz correspondant
Distribution des résultats
% des personnes avec chaque résultat
Percentile par nombre de réponses
Votre historique - résultats
Vous n’avez pas pris ce quiz